Vízhiány fenyegeti Szegedet

Elmentve itt :
Bibliográfiai részletek
Dokumentumtípus: Cikk
Megjelent: 1911-05-19
Sorozat:Délmagyarország 2 No. 114
Kulcsszavak:Faragó Ödön, Vízhiány Szeged 1911, Vízellátás Szeged 1911
Online Access:http://dmarchiv.bibl.u-szeged.hu/42083
LEADER 00451nab a2200145 i 4500
001 delm42083
005 20180927130131.0
008 180927s1911 hu o 0|| hun d
040 |a SZTE Délmagyarország Archívum  |b hun 
041 |a hun 
245 0 0 |a Vízhiány fenyegeti Szegedet  |h [elektronikus dokumentum] 
260 |c 1911-05-19 
300 |a 2-3 
490 0 |a Délmagyarország  |v 2 No. 114 
695 |a Faragó Ödön, Vízhiány Szeged 1911, Vízellátás Szeged 1911